000 01239nam a2200205Ia 4500
003 Ost
005 20260507075047.0
008 260507s9999||||xx |||||||||||||| ||und||
040 _cfsecg
041 _aara
100 _aسعد، إسماعيل علي
_eمؤلف
245 0 _aعولمة الديمقراطية بين المجتمع والسياسة /
_c إسماعيل علي سعد
260 _aالإسكندرية:
_bدار المعرفة الجامعية,
_c2001
300 _a345 صفحة؛
_bإيضاحات ؛
_c24 سم
520 _aالعلاقة بين عمل السياسة وعلم الإجتماعي السياسي-المجتمع-أساليب الضبط والسيطرة في المجتمع السياسي-قوة المجتمع في البلدان المتقدمة-بناء القوة في المجتمعات النامية(المجتمع المصري)-الدولة-نظريات العقد الإجتماعي ونشأة الدولة-التنشئة السياسية-المشاركة السياسية-ديمقراطية الحكم في النظم السياسية الحديثة
653 _aالإجتماع السياسي، علم
653 _aالديمقراطية
653 _aالسياسة
942 _cكتاب
999 _c42583
_d42583